Martín fierro : el gaucho Martín Fierro. La vuelta de Martín Fierro /

Guardado en:
Autor Principal: Hernández, José
Formato: Libro
Publicado: Buenos Aires : Salim, 2023.
Series:Clásicos Universales. Poesía ; 1
Materias:
Etiquetas: Agregar Etiqueta
Sin Etiquetas, Sea el primero en etiquetar este registro!
LEADER 01479nam a22003495a 4500
001 CEM.cems020777
008 240216s2023##################000#0#####d
005 20240216081713.0
245 1 0 |a Martín fierro :  |b el gaucho Martín Fierro. La vuelta de Martín Fierro /  |c José Hernández. 
260 |a Buenos Aires :  |b Salim,  |c 2023. 
300 |a 208 p. ; 20x14 cm. 
490 0 |a Clásicos Universales. Poesía ;  |v 1 
500 |a Prólogo de Miguel Angel Morelli 
020 |a 9789877421361 
100 1 |a Hernández, José 
082 0 4 |a A861.2 
653 |a Literatura 
653 |a Literatura argentina 
653 |a Poesía argentina 
653 |a Poesía 
653 |a Poesía gauchesca 
653 |a Romanticismo 
859 |a CEMS  |b BIB. CEMS - 11 de abril  |h A861.2  |i H43-14  |p 29861.24  |t Ej.1 
859 |a CEMS  |b BIB. CEMS - 11 de abril  |h A861.2  |i H43-14  |p 29862.24  |t Ej.2 
859 |a CEMS  |b BIB. CEMS - 11 de abril  |h A861.2  |i H43-14  |p 29863.24  |t Ej.3 
859 |a CEMS  |b BIB. CEMS - 11 de abril  |h A861.2  |i H43-14  |p 29864.24  |t Ej.4 
859 |a CEMS  |b BIB. CEMS - 11 de abril  |h A861.2  |i H43-14  |p 29865.24  |t Ej.5 
859 |a CEMS  |b BIB. CEMS - 11 de abril  |h A861.2  |i H43-14  |p 29866.24  |t Ej.6 
859 |a CEMS  |b BIB. CEMS - 11 de abril  |h A861.2  |i H43-14  |p 29867.24  |t Ej.7 
859 |a CEMS  |b BIB. CEMS - 11 de abril  |h A861.2  |i H43-14  |p 29868.24  |t Ej.8 
859 |a CEMS  |b BIB. CEMS - 11 de abril  |h A861.2  |i H43-14  |p 29869.24  |t Ej.9 
859 |a CEMS  |b BIB. CEMS - 11 de abril  |h A861.2  |i H43-14  |p 29870.24  |t Ej.10